000 00400nam a2200169Ia 4500
999 _c35264
_d35264
003 0100
005 20180308092621.0
008 130303s9999 xx 000 0 und d
040 _cARRUPELIB
050 _aDT959.H83 1969
100 _aHulley, Cecil M
_940334
245 _aWhere lions once roamed /
260 _aSalisbury (Rhodesia)
_bPioneer Head
_c1969
300 _a189p. 19cm
650 _aRhodesia
_xDescription & travel
_922009
700 _aCecil M Hulley
_940335
942 _2lcc
_cMONOGRAPH